000 00997nam0a2200313 4500
001 RU\NLR\bibl\79048
005 20260406055245.0
010 _a5-7684-0668-9
_bАзбука
010 _a5-237-03375-Х
_94000
_bАСТ
021 _aRU
_b1999-46669
_92303
035 _a(NLR Aleph) 000077161
090 _a428169
_c428169
100 _a20000406d1999 |||y0rusy50 ca
101 0 _arus
102 _aRU
105 _ay |||||||||
200 1 _aКолдун
_e[Роман]
_fОльга Григорьева
210 _aСПб.
_cАзбука
_aМ.
_cАСТ
_d1999
215 _a509,[2] с.
_d20
225 1 _aАзбука
_iFantasy
686 _aШ6(2=Р)75-445
700 1 _4070
_8rus
_7ca
_aГригорьева
_bО. А.
_cписатель
_f1966-
_gОльга Анатольевна
_3RU\NLR\AUTH\779660
_9119473
801 0 _aRU
_bNLR
_c20000406
_gPSBO
801 1 _aRU
_bNLR
_c20000406
852 _aNLR
_j2000-3/663
942 _cBOOK
980 _aNB